000 00563 a2200229 4500
001 109309
020 _a9781770588493
041 _aeng
082 _a[E]
100 _aStewart, Michael F.
250 _a. ed.
300 _a24 p.
490 _aScience and literacy
697 _aScience - Year 2.
830 _aScience and literacy
856 _u000027/000027f5.jpg
040 _aBR-BrIDEA
_cBR-BrIDEA
090 _aAP Year 2 [E]
_bSTE
245 1 0 _aGet moving
_c Michael F Stewart
260 _aOntário, Canada
_bPearson Canada
_c2014
942 _cBK
999 _c109309
_d109309